000 01669nam0a2200337 i 4500
001 RU\NLR\bibl\2002959
005 20260408093654.0
010 _a9785400007033
_91030
021 _aRU
_b2013-7522
_9541
035 _a(nilc)RuMoRGB-006528024
035 _a(NLR Aleph) 001991655
090 _a4233496
_c4233496
100 _a20130208d2012 u y0rusy50 ca
101 0 _arus
102 _aRU
105 _aa |||||||||
200 1 _aБезопасность жизнедеятельности
_eучебное пособие
_fРос. Федерация, М-во образования и науки, ФГБОУ ВПО Тюм. гос. ун-т, Ин-т психологии и педагогики
_g[Н.М. Фатеева и др.]
210 _aТюмень
_cИзд-во Тюменского государственного университета
_d2012
215 _a271 с.
_cил.
_d21
320 _aБиблиогр.: с. 268-271 (52 назв.)
606 1 _aБезопасность жизнедеятельности
_jУчебные издания для высших учебных заведений
_91373082
_3RU\NLR\auth\66261709
686 _aЦ69,6(2Р)0я73-1
702 1 _aФатеева
_bМ. Н.
_gНадежда Михайловна
_4220
712 0 2 _4570
_aТюменский государственный университет
_bИнститут психологии и педагогики
_3RU\NLR\AUTH\8810234077
_9353341
801 0 _aRU
_bRuMoRKP
_c20130208
_gRCR
801 2 _aRU
_bРГБ
_c20130305
_grcr
801 1 _aRU
_bRuMoRKP
_c20130208
_2rusmarc
801 2 _aRU
_bNLR
_c20130220
_grcr
942 _cBOOK
980 _aNBR